00450nam a22001337a 4500003000400000005001700004008004100021040000800062100004600070245014900116260002600265942001000291999001500301OSt20250905134304.0250905b |||||||| |||| 00| 0 eng d cKMU aLungu, TimothyeFisheries and Aquaculture aThe effects of fishing gear on post harvest fish losses among the artisenal fisheries:bCase study of stratum I of Kafue fishery/cTimothy Lungu aChinsali;bKMU:c2012 cPRn0 c1966d1966